000 00449cam a2200193 4500
001 D5846
008 090401t1975 xxu||||| |||| 00| 0 eng d
035 _a(Sirsi) u73149
041 _aeng
050 _a526.99
100 _aIngham, Alan E (ed)
245 _aSea surveying
260 _aLondon
_bWiley
_c1975
300 _a2v. 26cm
350 _a0
520 _aText and illustrations in separate volumes
942 _n0
948 _c04/03/1997
999 _c95557
_d95557